| 000 | 01049 a2200277 4500 | ||
|---|---|---|---|
| 999 |
_c200424763 _d32353 |
||
| 001 | 200424763 | ||
| 003 | TR-AnTOB | ||
| 005 | 20190322123505.0 | ||
| 008 | 160721b tu 000 0 | ||
| 040 |
_aTR-AnTOB _beng _erda _cTR-AnTOB _dTR-AnTOB |
||
| 041 | 0 | _atur | |
| 050 | 0 | 0 |
_aDS51.K5 _bM47 2007 |
| 090 | _aDS51 .K5 M47 2007 | ||
| 245 | 1 | 0 |
_aMeram kitabı : _bMevlana - Konevi - Meram / _ceditör: Dilaver Gürer, Bekir Şahin ; fotoğraf Ahmet Kuş, Fevzi Şimşek, İbrahim Dıvarcı ; kitap tasarımı Ahmet Efe ; koordinatör Hüsamettin Sönmez. |
| 264 |
_aErzurum: _bAtatürk Üniversitesi, _c2016. |
||
| 300 |
_a270 pages : _billustrations ; _c30 cm. |
||
| 336 |
_atext _2rdacontent _btxt |
||
| 337 |
_aunmediated _2rdamedia _bn |
||
| 338 |
_avolume _2rdacarrier _bnc |
||
| 490 | 0 |
_aMeram Belediyesi Sadrettin Konevi Araştırma Merkezi yayınları ; _v3. |
|
| 500 | _aKaynakça var. | ||
| 651 | 0 |
_aMeram (Konya, Türkiye) _vGezi ve tanıtım _9123759 |
|
| 651 | 0 |
_aMeram (Konya, Türkiye) _xTarih _9123759 |
|
| 942 |
_cBK _2lcc |
||